[Event "Muensterland-ch"]
[Site "Muenster"]
[Date "2009.04.10"]
[Round "2"]
[White "Emunds, Hans Georg"]
[Black "Meyer, Ulrich"]
[Result "1-0"]
[WhiteElo "2239"]
[BlackElo "2114"]
[PlyCount "115"]
[EventDate "2009.04.10"]
[EventType "swiss"]
[EventRounds "7"]
[EventCountry "GER"]
[SourceTitle "CBM 130 Extra"]
[Source "ChessBase"]
[SourceDate "2009.07.02"]
[SourceVersion "2"]
[SourceVersionDate "2009.07.15"]
[SourceQuality "1"]

1. e4 c5 2. Nf3 Nf6 3. Nc3 d5 4. exd5 Nxd5 5. Nxd5 Qxd5 6. d4 Bg4 7. Be2 cxd4 8. Qxd4 Qxd4 9. Nxd4 Bd7 10. Bf3 Bc6 11. Nxc6 Nxc6 12. Bxc6+ bxc6 13. Be3 e6 14. 0-0-0 Be7 15. Rd3 0-0 16. Rhd1 a5 17. Rd7 Bf6 18. Rc7 Rfc8 19. Rdd7 Be5 20. Rb7 f5 21. Bd4 Bxd4 22. Rxd4 Rd8 23. Rdd7 Rxd7 24. Rxd7 e5 25. Rc7 Ra6 26. a4 Kf8 27. b3 h6 28. Kd2 g5 29. Kc3 Ke8 30. Kc4 Kd8 31. Rf7 f4 32. Kc5 e4 33. Rf6 Ke7 34. Rxh6 Kf7 35. Kc4 Ra8 36. Rd6 Re8 37. Kc3 Re5 38. h3 Ke7 39. Rd2 Ke6 40. Rd4 Kf5 41. Kd2 c5 42. Rd8 Ke6 43. Ke2 Ke7 44. Rb8 e3 45. Rb5 exf2+ 46. Kxf2 Kd6 47. Rxa5 Re3 48. Ra6+ Ke5 49. Rg6 Kf5 50. Rd6 Rc3 51. Rd2 c4 52. b4 Ra3 53. a5 Ra4 54. c3 Ra3 55. Rd5+ Kf6 56. Rc5 Rxc3 57. a6 Rc2+ 58. Ke1 1-0